| 000 | 00650nam a2200217Ia 4500 | ||
|---|---|---|---|
| 005 | 20250326143901.0 | ||
| 008 | 250326s9999 xx 000 0 und d | ||
| 020 | _a3-540-35218-X | ||
| 037 | _aTextbook | ||
| 040 |
_aFMSL _beng _cFMSL |
||
| 041 |
_aeng _2eng |
||
| 084 |
_aD658(828) P7 _qFMSL |
||
| 100 |
_aHompel M T _9748663 |
||
| 245 | 0 |
_aWarehouse management : automation and organization of warehouse and order picking systems _cHompel M T; Schmidt T |
|
| 260 |
_aNY _bNY, Springer _c2007 |
||
| 300 | _a356p | ||
| 365 | _b311096.783795 | ||
| 650 | _aManagement | ||
| 942 |
_cTB _hD658(828) P7 |
||
| 999 |
_c1301474 _d1301474 |
||